000 00512nam a2200205Ia 4500
003 OSt
005 20240930134134.0
008 240126s9999 xx 000 0 und d
020 _a9789382676010
040 _c0
041 _aEnglish
082 _a174.3 RAI;1 R
100 _aRai, Kailash.
245 0 _aLegal ethics : accountablility for lawyers and bench-bar relations
250 _a11th ed.
260 _bCentral Law Pub.
_aAllahabad
300 _axxiv, 440
440 _aNULL
942 _cLL
_2ddc
999 _c295404
_d295404